000 00695nam a2200217 a 4500
008 120416s1990 ||||||||||||||||| || u
020 _a0070548811
020 _a0078352045
020 _a0070548838
020 _a007054882X
050 _aQA 276.12 San
100 _aSanders, Donald H
245 1 0 _aStatistics: a fresh approach
250 _a4th ed.
260 _aNew York:
_bMcGraw-Hill
_c1990
300 _axxiv, 704p.: ill
350 _a0.00
500 _aIncludes index.
650 _aSTATISTICS--HANDBOOKS, MANUALS, ETC
995 _D0.00
_FCBU-MAIN LIBRARY (Kitwe)
_H1
_I0.00
_M1
_UAVAILABLE
_ZAnnex Low-Usage Collection
999 _c58344
_d58344